Countries That Share A Word - Statistics

General Stats
  • This quiz has been taken 47 times
    6 since last reset
  • The average score is 33 of 38
Answer Stats
Word Country % Correct
AND Antigua and Barbuda
100%
GUINEA Equatorial Guinea
100%
STATES Federated States of Micronesia
100%
GUINEA Guinea
100%
GUINEA Guinea-Bissau
100%
ISLANDS Marshall Islands
100%
NEW New Zealand
100%
KOREA North Korea
100%
NORTH North Korea
100%
NORTH North Macedonia
100%
AND São Tomé and Principe
100%
ISLANDS Solomon Islands
100%
SOUTH South Africa
100%
KOREA South Korea
100%
SOUTH South Korea
100%
SOUTH South Sudan
100%
SUDAN South Sudan
100%
SUDAN Sudan
100%
AND Trinidad and Tobago
100%
UNITED United Arab Emirates
100%
UNITED United Kingdom
100%
STATES United States
100%
UNITED United States
100%
AND Bosnia and Herzegovina
80%
REPUBLIC Dominican Republic
80%
GUINEA Papua New Guinea
80%
NEW Papua New Guinea
80%
AND Saint Kitts and Nevis
80%
SAINT Saint Kitts and Nevis
80%
SAINT Saint Lucia
80%
AND Saint Vincent and the Grenadines
80%
SAINT Saint Vincent and the Grenadines
80%
CONGO Democratic Republic of the Congo
60%
REPUBLIC Democratic Republic of the Congo
60%
CONGO Republic of the Congo
60%
REPUBLIC Republic of the Congo
60%
REPUBLIC Central African Republic
40%
REPUBLIC Czech Republic
40%
No matching quizzes found
Score Distribution
Percent of People with Each Score
Percentile by Number Answered
Your Score History
You have not taken this quiz since the last reset